Animals By Picture - Close Up Tails - Statistics

General Stats
  • This quiz has been taken 404 times
  • The average score is 13 of 15
Answer Stats
Picture Answer % Correct
Dolphin
98%
Goldfish
98%
Horse
98%
Giraffe
95%
Macaw
95%
Rabbit
94%
Pig
92%
Fox
91%
Kangaroo
90%
Snow Leopard
89%
Ring-Tailed Lemur
87%
Red Panda
85%
Snake
83%
Lion
79%
Seal
67%
No matching quizzes found
Score Distribution
Percent of People with Each Score
Percentile by Number Answered
Your Score History
You have not taken this quiz